La era del capital: 1848-1875 /
Guardado en:
| Autor Principal: | |
|---|---|
| Formato: | Libro |
| Publicado: |
Buenos Aires :
Crítica,
2003
|
| Edición: | 3a. ed. |
| Series: | Biblioteca E. J. Hobsbawm de Historia Contemporánea
|
| Materias: | |
| Etiquetas: |
Agregar Etiqueta
Sin Etiquetas, Sea el primero en etiquetar este registro!
|
| LEADER | 01108nam a22002295a 4500 | ||
|---|---|---|---|
| 001 | CEM.cems017788 | ||
| 005 | 20120504111400.0 | ||
| 008 | 130507s2003##################000#0#####d | ||
| 003 | CEMS | ||
| 020 | |a 9879317106 | ||
| 082 | 0 | 4 | |a 940.2 |
| 100 | 1 | |a Hobsbawm, Eric | |
| 245 | 1 | 0 | |a La era del capital: 1848-1875 / |c Eric Hobsbawm |
| 250 | |a 3a. ed. | ||
| 260 | |a Buenos Aires : |b Crítica, |c 2003 | ||
| 300 | |a 360 p. | ||
| 490 | 0 | |a Biblioteca E. J. Hobsbawm de Historia Contemporánea | |
| 500 | |a Título original: The age of capital: 1848-1875traducción: A. García Fluixá y Carlo A. Caranci | ||
| 505 | 0 | |a La primavera de los pueblos - El gran boom - La unificación del mundo - Conflictos y guerra - La construcción de naciones - Las fuerzas de la democracia - Los perdedores - Los ganadores - Una sociedad en transformación - La tierra - Las migraciones - Ciudad, industria y clase obrera - El mundo burgués - Ciencia, religión e ideología - Las artes - Conclusión | |
| 653 | |a Historia universal | ||
| 653 | |a Historia contemporánea | ||
| 859 | |a CEMS |b BIB. CEMS - Agricultura |h 940.2 |i H653-1 |p A0633.06 |t Ej.1 | ||
